| 000 | 05460namaa22004091i 4500 | ||
|---|---|---|---|
| 003 | OSt | ||
| 005 | 20260503115424.0 | ||
| 008 | 250827s2025 ua a|||frm||| 000 0 eng d | ||
| 040 |
_aEG-GICUC _bara _cEG-GICUC _dEG-GICUC _erda |
||
| 041 | 0 |
_aara _bara _beng |
|
| 049 | _aإيداع | ||
| 082 | 0 | 4 | _a551.41 |
| 092 |
_a551.41 _221 |
||
| 097 | _aمــــاجستير | ||
| 099 | _aCai01.02.02.M.A.2025.أف.ه | ||
| 100 | 0 |
_a،أفنان عويض علي الحربي _eإعداد. |
|
| 245 | 1 | 0 |
_aهيدروجيومورفولوجية حوضي وادي السهل بالقصيم ووادي صبيا بجازان : _bدراسة مقارنة باستخدام نظم المعلومات الجغرافية والاستشعار عن بعد / _cإعداد أفنان عويض علي الحربي؛ إشراف أ.د / متولي عبد الصمد عبد العزيز علي الجندي. |
| 246 | 1 | 5 |
_aHydrogeomorphology of the watersheds of el-sahil at el- qasim and sabia at jazan : _bA comparative study using gis & rs / |
| 264 | 0 | _c2025. | |
| 300 |
_a219 صفحة : _bإيضاحيات ؛ _c25 سم. + _eCD. |
||
| 336 |
_atext _2rda content |
||
| 337 |
_aUnmediated _2rdamedia |
||
| 338 |
_avolume _2rdacarrier |
||
| 502 | _aأطروحة (ماجستير)-جامعة القاهرة، 2025. | ||
| 504 | _aببليوجرافيا: صفحات 205-214. | ||
| 520 | _aيقع حوض وادي السهل فوق هضبة التيسية الجيرية على مساحة تصل الى 600كم على امتداد فاصل ليثولوجي من الشمل الغربي الى الجنوب الشرقي كما تحيط به من الشمال والجنوب كثبان النفود والتي تغمر مصبه في وادي الأجردي الذي يعتبر امتداد وادي الرمة في هذه المنطقة، بينما ينبع وادي صبيا من جبال السروات ذات الصخور النارية والمتحولة على مساحة تصل 801كم ويحيط به من الجنوب وادي ضمد ومن الشمال الشرقي وادي جوره ومن الشمال المنابع العليا لأودية بيش ودف ومن الشرق وادي نخلان.تختلف تضاريس حوض وادي صبيا عن السهل فحوض وادي السهل يتميز سطحه بالاستواء عكس الحال في وادي صبيا الذي يكون اكثر تضرسا في الجزء الشرقي كما يتسم وادي السهل بنشاط النعرية النهرية خلال عصر البليستوسين وقلة الصدوع حيث لا تحدها صدوع كبيرة والتي حدث لها تغيرات كثيرة خلال تطوين الصخور نارية اثناء نشأة البحر الأحمر .يوجد بحوض وادي السهل خمسة روافد وهي اودية ( السهل الأعلى- السهل الأدنى- السهل الأوسط- أبا الحياص- ابونخلة) واكبرها مساحة وادي السهل الأدنى كما يضم وادي صبيا خمسة روافد وهي اودية ( صبيا الأعلى – صبيا الأدنى – هروب – ميدرب- قصي) واكبر مساحة وادي قصي . | ||
| 520 | _aThe Wadi Al-Sahil basin lies above the Taysiyah limestone plateau, covering an area of 600 km2, along a lithologic divide from northwest to southeast. It is surrounded to the north and south by the Nafud dunes, which flood its mouth into Wadi Al-Ajradi, an tributary of Wadi Al-Rummah in this region. Meanwhile, Wadi Sabia originates from the Sarawat Mountains, which are characterized by igneous and metamorphic rocks, and extends over an area of 801 km2. It is surrounded to the south by Wadi Damd, to the northeast by Wadi Jurah, to the north by the upper sources of the valleys of Bish and Daf, and to the east by Wadi Nakhalan.The topography of the Wadi Sabia basin differs from that of the plain. The Wadi Al-Sahel basin is characterized by a flat surface, unlike Wadi Sabia, which is more rugged in its eastern part. Wadi Al-Sahil is also characterized by active river erosion during the Pleistocene era and a lack of faults, as it is not bordered by large faults, which underwent significant changes during the igneous rocks' deposition during the formation of the Red Sea. There are five tributaries in the Wadi Al-Sahel basin, which are the valleys (the upper plain - the lower plain - the middle plain - Aba Al-Hayas - Abu Nakhla), and the largest in area is the Wadi Al-Sahel Al-Ain. Wadi Sabia also includes five tributaries, which are the valleys (the upper Sabia - the lower Sabia - Harub - Midrib - Qusay), and the largest in area is Wadi Qusay. | ||
| 530 | _aصدر أيضًا كقرص مدمج. | ||
| 546 | _aالنص بالعربية والملخص باللغة الإنجليزية والعربية. | ||
| 650 | 7 |
_aجيومورفولوجيا _2qrmak |
|
| 653 | 0 |
_aالهيدروجيومورفولوجيا _aالتحليل المورفومتري _aالاستشعار عن بعد |
|
| 700 | 0 |
_aمتولي عبد الصمد عبد العزيز علي الجندي _eمشرف أطروحة. |
|
| 900 |
_b17-04-2025 _cمتولي عبد الصمد عبد العزيز علي الجندي _dالسيد السيد الحسيني _dمعوض بدوي معوض _Uجامعة القاهرة _Fكلية الأداب _Dقسم الجغرافيا |
||
| 905 | _aSara | ||
| 942 |
_2ddc _cTH _e21 _n0 |
||
| 999 | _c179914 | ||